00813nam a2200241Ia 450000500170000000800410001702000230005804000190008104100120010008200150011210000230012724500870015026000540023730000180029150400400030965000140034965000180036370000240038185000210040594200070042699900160043395201220044920211220152539.0131103s9999 xx 000 0 und d a8170969492cRs. 65 aLoreto College aEnglish a303.4bJEN aJena, Debendranath aSocial changeb themes and perspectives cDebendranath Jena and Umakanta Mohapatra aLudhianabKalyanu Publishersc1993(2003 printing) aviii, 212 p.  aIncludes bibliographical references aSociology aSocial Change aMohapatra, Umakanta aLCLIBbSociology cBK c6140d56619 00102ddc4070aMAINbMAINcSociologyd2013-11-04l1o303.4 JEN 43963pB6009r2019-09-26s2019-09-26w2013-11-04yBK